| 000 | 00529nam a2200181Ia 4500 | ||
|---|---|---|---|
| 999 |
_c9809 _d9809 |
||
| 003 | OSt | ||
| 005 | 20191219145906.0 | ||
| 008 | 190216s9999||||xx |||||||||||||| ||und|| | ||
| 020 | _a8121902673 | ||
| 040 | _coclc | ||
| 082 |
_a338.954 _bSET/T |
||
| 100 |
_aSeth, M L _9472 |
||
| 245 | 0 |
_aTheory And Practice Of Economic Planning / _cM L Seth ; S Velayudham |
|
| 260 |
_bS Chand & Company, _c1987. _aNew Delhi: |
||
| 300 | _a812p | ||
| 650 | _aEconomics | ||
| 942 |
_cBK _2ddc _h338.954 _iSET/T _k338.954 _mSET/T |
||